| 000 | 00603nam a2200181 i 4500 | ||
|---|---|---|---|
| 001 | 46416 | ||
| 003 | ES-MaACL | ||
| 005 | 20260210163243.0 | ||
| 007 | t| | ||
| 008 | 030328s1960 sp a |||| | spa d | ||
| 245 | 0 | 0 | _aConferencias 1959-60. |
| 260 |
_aMadrid : _b[s.n., _c1960] ( _fImp. Suc. Rivadeneyra) |
||
| 300 |
_a180 p. : _bil. ; _c24 cm. |
||
| 500 | _aPrecede al tít.: Ministerio de Agricultura. Instituto Nacional de Investigaciones Agronómicas. | ||
| 710 |
_aInstituto Nacional de Investigaciones Agronómicas _c(España) _9219222 |
||
| 852 |
_aES-MaACL _jB-2176 |
||
| 999 |
_c46416 _d46416 |
||